000 00717nam a2200217Ii 4500
003 JO-AjNU
008 230606s9999||||xx |||||||||||||| ||und||
020 _a978-007-128955-9 / 007-128955-0
040 _aJO-AjNU
_beng
_erda
_cJO-AjNU
041 _aeng
050 1 4 _aHG181.S33 2011
100 3 _aSaunders,Anthiny / Cornett,Marcia Millon,
_eauthor
_92777
245 0 0 _aFinancial Institutions Management : A Risk Management Approach
250 _a7th ed
264 3 1 _aBoston: Mc Graw Hill,2011
300 _a884p
_b Includes indexes(p862-884)
336 _atext
_btxt
_2rdacontent
337 _aunmediated
_bn
_2rdamedia
338 _avolume
_bnc
_2rdacarrier
650 4 _aFinancial Institutions Management
_92778
999 _aE1454
_c1454
_d1454